|
|
|
|
| LEADER |
02857nam a22004935i 4500 |
| 001 |
978-3-319-66562-7 |
| 003 |
DE-He213 |
| 005 |
20170816051140.0 |
| 007 |
cr nn 008mamaa |
| 008 |
170816s2017 gw | s |||| 0|eng d |
| 020 |
|
|
|a 9783319665627
|9 978-3-319-66562-7
|
| 024 |
7 |
|
|a 10.1007/978-3-319-66562-7
|2 doi
|
| 040 |
|
|
|d GrThAP
|
| 050 |
|
4 |
|a QA76.758
|
| 072 |
|
7 |
|a UMZ
|2 bicssc
|
| 072 |
|
7 |
|a UL
|2 bicssc
|
| 072 |
|
7 |
|a COM051230
|2 bisacsh
|
| 082 |
0 |
4 |
|a 005.1
|2 23
|
| 245 |
1 |
0 |
|a Advances in Computing
|h [electronic resource] :
|b 12th Colombian Conference, CCC 2017, Cali, Colombia, September 19-22, 2017, Proceedings /
|c edited by Andrés Solano, Hugo Ordoñez.
|
| 264 |
|
1 |
|a Cham :
|b Springer International Publishing :
|b Imprint: Springer,
|c 2017.
|
| 300 |
|
|
|a XX, 807 p. 310 illus.
|b online resource.
|
| 336 |
|
|
|a text
|b txt
|2 rdacontent
|
| 337 |
|
|
|a computer
|b c
|2 rdamedia
|
| 338 |
|
|
|a online resource
|b cr
|2 rdacarrier
|
| 347 |
|
|
|a text file
|b PDF
|2 rda
|
| 490 |
1 |
|
|a Communications in Computer and Information Science,
|x 1865-0929 ;
|v 735
|
| 505 |
0 |
|
|a Information and knowledge management -- Software engineering and IT architectures -- Educational informatics -- Intelligent systems and robotics -- Human-computer interaction -- Distributed systems and large-scale architectures -- Image processing, computer vision and multimedia -- Security of the information -- Formal methods, computational logic and theory of computation.
|
| 520 |
|
|
|a This book constitutes the refereed proceedings of the 12th Colombian Conference on Computing, CCC 2017, held in Cali, Colombia, in September 2017. The 56 revised full papers presented were carefully reviewed and selected from 186 submissions. The papers are organized in topical sections on information and knowledge management, software engineering and IT architectures, educational informatics, intelligent systems and robotics, human-computer interaction, distributed systems and large-scale architectures, image processing, computer vision and multimedia, security of the information, formal methods, computational logic and theory of computation.
|
| 650 |
|
0 |
|a Computer science.
|
| 650 |
|
0 |
|a Software engineering.
|
| 650 |
|
0 |
|a Computers.
|
| 650 |
1 |
4 |
|a Computer Science.
|
| 650 |
2 |
4 |
|a Software Engineering/Programming and Operating Systems.
|
| 650 |
2 |
4 |
|a Information Systems and Communication Service.
|
| 650 |
2 |
4 |
|a Computing Methodologies.
|
| 700 |
1 |
|
|a Solano, Andrés.
|e editor.
|
| 700 |
1 |
|
|a Ordoñez, Hugo.
|e editor.
|
| 710 |
2 |
|
|a SpringerLink (Online service)
|
| 773 |
0 |
|
|t Springer eBooks
|
| 776 |
0 |
8 |
|i Printed edition:
|z 9783319665610
|
| 830 |
|
0 |
|a Communications in Computer and Information Science,
|x 1865-0929 ;
|v 735
|
| 856 |
4 |
0 |
|u http://dx.doi.org/10.1007/978-3-319-66562-7
|z Full Text via HEAL-Link
|
| 912 |
|
|
|a ZDB-2-SCS
|
| 950 |
|
|
|a Computer Science (Springer-11645)
|